Humanitarian engineering /

"Humanitarian Engineering reviews the development of engineering as a distinct profession and of the humanitarian movement as a special socio-political practice. Having noted that the two developments were situated in the same geographical and historical space -- that is, in Europe and North Am...

Full description

Bibliographic Details
Main Author: Mitcham, Carl
Other Authors: Muñoz, David (David R.)
Format: eBook
Language:English
Published: [San Rafael, Calif.] : Morgan & Claypool Publishers, [2010]
Series:Synthesis lectures on engineering, technology, and society ; #12.
Subjects:
Online Access:Connect to the full text of this electronic book

MARC

Tag First Indicator Second Indicator Subfields
LEADER 00000cam a2200000Ia 4500
001 in00002692721
005 20190329194002.0
006 m d
007 cr |||
008 100615s2010 caua ob 000 0 eng d
020 |a 9781608451524 
020 |a 1608451526 
020 |z 9781608451517 
020 |z 1608451518 
024 7 |a 10.2200/S00248ED1V01Y201006ETS012  |2 doi 
035 |a (OCoLC)ocn641710406 
035 |a (OCoLC)641710406 
040 |a COP  |b eng  |c COP  |d COP  |d AZS  |d WAU  |d OCLCA  |d PUL  |d CEF  |d OCLCQ  |d UtOrBLW 
049 |a TXAM 
050 4 |a TA157  |b .M58 2010 
082 0 4 |a 620.0023  |2 22 
100 1 |a Mitcham, Carl. 
245 1 0 |a Humanitarian engineering /  |c Carl Mitcham and David Muñ̃oz. 
264 1 |a [San Rafael, Calif.] :  |b Morgan & Claypool Publishers,  |c [2010] 
264 4 |c ©2010 
300 |a 1 online resource (xii, 73 pages) :  |b illustrations (some color) 
336 |a text  |b txt  |2 rdacontent 
337 |a computer  |b c  |2 rdamedia 
338 |a online resource  |b cr  |2 rdacarrier 
490 1 |a Synthesis lectures on engineers, technology, and society,  |x 1933-3641 ;  |v #13 
500 |a The series is misnumbered as 13, but is really number 12. 
504 |a Includes bibliographical references (pages 63-72). 
505 0 |a Engineering -- Humanitarianism -- Humanitarian engineering -- Humanitarian engineering education -- Challenges -- Conclusion: humanizing technology. 
520 |a "Humanitarian Engineering reviews the development of engineering as a distinct profession and of the humanitarian movement as a special socio-political practice. Having noted that the two developments were situated in the same geographical and historical space -- that is, in Europe and North America beginning in the 1700s -- the book argues for a mutual influence and synthesis that has previously been lacking"--Abstract. 
500 |a Electronic resource. 
650 0 |a Engineering  |x Social aspects. 
650 0 |a Engineering  |x History. 
650 0 |a Humanitarianism. 
650 0 |a Sustainability. 
650 0 |a Engineering  |x Study and teaching. 
655 7 |a Electronic books.  |2 local 
700 1 |a Muñoz, David  |q (David R.) 
830 0 |a Synthesis lectures on engineering, technology, and society ;  |v #12. 
856 4 0 |u http://proxy.library.tamu.edu/login?url=http://www.morganclaypool.com/doi/abs/10.2200/S00248ED1V01Y201006ETS012  |z Connect to the full text of this electronic book  |t 0 
994 |a 92  |b TXA 
999 |a MARS 
999 f f |s a5356343-5c8d-32ce-a9d3-ac7729616a3b  |i 5f690bb1-608a-32fd-9cb2-de10af43c6a4  |t 0 
952 f f |a Texas A&M University  |b College Station  |c Electronic Resources  |d Available Online  |t 0  |e TA157 .M58 2010  |h Library of Congress classification 
998 f f |a TA157 .M58 2010  |t 0  |l Available Online